000 00312nam a22001457a 4500
003 SGT
020 _a81-7391-203-3
082 _a070
_bCHA
100 _aCHAUHAN, SWATI
245 _aFOUNDATIONS OF NEWS AND JOURNALISM
250 _a3RD
260 _aDELHI
_bKANISHKA
_c2011
300 _a324
942 _2ddc
_cBK
999 _c22064
_d22064